000 00521nmm a2200169Ia 4500
008 251105s9999||||xx |||||||||||||||||und||
020 _a9788427714854
041 _aspa
100 _aMartínez Lozano, Enrique
245 0 _a¿Dios hoy? : Creyentes y no creyentes ante un nuevo paradigma
264 _a[Madrid, España] :
_bNarcea Ediciones,
_c2007
300 _a176 páginas
490 _aLibros de Espiritualidad
650 _aReligion(s)
856 _uhttps://public.digitaliapublishing.com/a/40898
942 _cCF
999 _c80657
_d80657